Compendio de literatura comparada

Tallennettuna:
Bibliografiset tiedot
Päätekijät: Brunel, Pierre (Tekijä), Chevrel, Yves (Tekijä)
Aineistotyyppi: Kirja
Kieli:espanja
Julkaistu: Cuernavaca Siglo Veintiuno Editores S. A 1994
Painos:1a. ed
Aiheet:
Tagit: Lisää tagi
Ei tageja, Lisää ensimmäinen tagi!

MARC

LEADER 00000cam a2200000 a 4500
001 UCE2743
003 CL-VaPUC
008 140724e19940000mx |||||||||||||||||spa|d
020 |a 9682318572 
082 0 4 |a 809  |b BRU  |2 21 
100 0 |a Brunel, Pierre  |e author  |9 575319 
700 0 |a Chevrel, Yves  |e author  |9 575320 
245 1 0 |a Compendio de literatura comparada 
250 |a 1a. ed 
300 |a 415 p 
942 |c BK 
945 |d 20140724 10:48:00  |a dcastane 
260 |a Cuernavaca  |b Siglo Veintiuno Editores S. A  |c 1994 
650 0 |a Literatura comparada  |9 319086 
583 |a last modification  |c 20140724 10:48:00  |k Rodrigo Vera 
999 |c 356318  |d 356316 
952 |0 0  |1 0  |3 erb  |4 0  |6 809_000000000000000_BRU_1994  |7 0  |8 A  |9 463588  |a BIBEDU  |b BIBEDU  |i 5091241  |o 809 BRU 1994  |p 5091241  |r 2019-11-23  |w 2019-11-23  |y BK  |z Catalogado en:20140724  |k LIT